Reglas de la Antigua y Fervorosa Hermandad y Cofradia de Nazarenos de Nuestro Padre Jesús en el huerto y María Santísima de la Encanación. (Record no. 79282)

MARC details
000 -LEADER
campo de control de longitud fija 00687nam a2200169 i 4500
001 - NÚMERO DE CONTROL
campo de control 79282
003 - IDENTIFICADOR DE NÚMERO DE CONTROL
campo de control ES-MaACL
005 - FECHA Y HORA DE LA ÚLTIMA TRANSACCIÓN
campo de control 20251015144712.0
007 - CAMPO FIJO DE DESCRIPCIÓN FÍSICA--INFORMACIÓN GENERAL
campo de control de longitud fija t|
008 - DATOS DE LONGITUD FIJA--INFORMACIÓN GENERAL
campo de control de longitud fija 041020s1973 sp ||||1| spa d
110 0# - ENTRADA PRINCIPAL--NOMBRE DE ENTIDAD CORPORATIVA
Nombre de entidad corporativa o nombre de jurisdicción como elemento de entrada Hermandad y Cofradía de Nazarenos de Nuestro Padre Jesús orando en el huerto y María Santísimo de la Encarnación
Sede del congreso/Lugar de la reunión (Sanlúcar la Mayor)
9 (RLIN) 4571
245 10 - MENCIÓN DEL TÍTULO
Título Reglas de la Antigua y Fervorosa Hermandad y Cofradia de Nazarenos de Nuestro Padre Jesús en el huerto y María Santísima de la Encanación.
260 ## - PUBLICACIÓN, DISTRIBUCIÓN, ETC.
Lugar de publicación, distribución, etc. [S.l. :
Nombre del editor, distribuidor, etc. s.n.,
Fecha de publicación, distribución, etc. 1973] (
Lugar de fabricación/manufactura Sevilla :
Fabricante A. Padura)
300 ## - DESCRIPCIÓN FÍSICA
Extensión 90 p. ;
Dimensiones 18 cm.
852 ## - LOCALIZACIÓN
Ubicación ES-MaACL
Número de control de estantería C-52615
Sublocalización o colección R.85791
Holdings
Estatus retirado Estado de pérdida Estado de daño No para préstamo Biblioteca de origen Biblioteca actual Ubicación en estantería Fecha de adquisición Fuente de adquisición Total de préstamos Signatura topográfica completa Código de barras Visto por última vez Precio de reemplazo Tipo de ítem Koha
        Biblioteca del Ateneo de Madrid Biblioteca del Ateneo de Madrid Depósito 2 17/01/2008     C-52615 1082909 23/02/2023 23/02/2023 Libro impreso